Joueurs de foot ayant eu un 10 dans le journal l'équipe - Statistiques

Statistiques générales
  • Ce quiz a été pris 372 fois
  • Le résultat moyen est 8 sur 17
Statistiques - réponses
Club Joueur Année % Correct
Manchester City Erling Haaland 2023
94%
Manchester City Erling Haaland 2022
94%
France Kylian Mbappe 2022
94%
FC Barcelone Lionel Messi 2012
90%
FC Barcelone Lionel Messi 2010
90%
Borussia Dortmund Robert Lewandowski 2013
75%
PSG Neymar 2018
68%
Ajax Amsterdam Dusan Tadic 2019
53%
Tottenham Lucas 2019
49%
Nantes FC Alban Lafont 2022
42%
Bayern Munich Serge Gnabry 2019
30%
Croatie Dominik Livakovic 2022
21%
OGC Nice Carlos Eduardo 2014
10%
France Frank Sauzée 1988
3%
Russie Oleg Salenko 1994
3%
France Bruno Martini 1988
1%
Aarhus Lars Windfeld 1997
0%
Aucun quiz correspondant
Distribution des résultats
% des personnes avec chaque résultat
Percentile par nombre de réponses
Votre historique - résultats
Vous n’avez pas pris ce quiz